|
|
|
|
| LEADER |
00000nab a2200000 a 4500 |
| 001 |
vtls000902835 |
| 003 |
SK-MaSNL |
| 005 |
20260304181716.0 |
| 008 |
040720e20000108xo 0 slo |
| 035 |
|
|
|a KE11806
|
| 040 |
|
|
|a KEVKJB
|b slo
|c KEVKJB
|e AACR2
|
| 041 |
0 |
|
|a slo
|
| 044 |
|
|
|a xo
|c SK
|
| 080 |
|
|
|a 885.4:929
|2 1981
|
| 245 |
0 |
0 |
|a Pokrstia detskú knihu
|
| 600 |
1 |
7 |
|a Kopasová, Alena
|t Čriepky
|2 snkbucl
|9 1512075
|
| 610 |
2 |
7 |
|a Staromestské divadlo Petra Raševa
|2 KEVKJB
|9 188428
|
| 648 |
|
7 |
|a 2000
|2 snkbucl
|9 295137
|
| 650 |
0 |
7 |
|a slovenská literatúra
|2 KEVKJB
|9 1115
|
| 650 |
0 |
7 |
|a prezentácia kníh
|2 KEVKJB
|9 862333
|
| 650 |
0 |
7 |
|a publikácie pre deti
|2 snkbucl
|9 249868
|
| 651 |
|
7 |
|a Košice (Slovensko)
|2 KEVKJB
|9 18694
|
| 773 |
0 |
8 |
|t Korzár
|g Roč. 3, č.5, 8.1.2000, s. 3
|
| 852 |
|
|
|a ZVYKNI
|b KIS3GCP
|
| 999 |
|
|
|c 3025513
|d 3027443
|